Statystyki dla Przystanki linii autobusowej 16 w Toruniu

Kliknij tutaj aby rozwiązać quiz!

Ogólne statystyki

  • Ten quiz został rozwiązany 4 razy
  • Średni wynik to 20 z 26

Statystyki odpowiedzi

Odpowiedź% Poprawnych
Długa
100%
Kosynierów Kościuszkowskich
100%
Olimpijska
100%
Polna
100%
Przybyłów
100%
Rubinkowo Centrum
100%
Ślaskiego
100%
Wrzosy I
100%
Wschodnia
100%
Zagonowa
100%
Bartkiewiczówny
67%
Batorego
67%
Dębowa Góra
67%
Donimirskiego
67%
Hutowo
67%
Kanałowa
67%
Koniuchy
67%
Ligi Polskiej
67%
Lisia
67%
Manhattan
67%
Przychodnia
67%
św. Antoniego
67%
Tofama
67%
Wyszyńskiego
67%
Rolnicza
33%
Traktorowa
33%

Rozkład punktacji

Percentyl według liczby udzielonych odpowiedzi

Procent ludzi z każdym wynikiem

Twoja historia wyników

Nie rozwiązałeś tego quizu